Riadenie technologických procesov Modelovanie procesov a základy riadenia
Salvato in:
| Autori principali: | , , |
|---|---|
| Natura: | Libro |
| Lingua: | slovacco |
| Pubblicazione: |
Bratislava
Slovenská technická univerzita
1994
|
| Edizione: | 1. vyd. |
| Soggetti: | |
| Accesso online: | Visualizza in OPAC |
| Tags: |
Nessun Tag, puoi essere il primo ad aggiungerne!!
|
MARC
| LEADER | 00000nam a2200000 a 4500 | ||
|---|---|---|---|
| 005 | 20260127134322.0 | ||
| 008 | 160414s1994 xo 0 slo | ||
| 015 | |a SNBA1994/09 | ||
| 020 | |a 8022706884 | ||
| 035 | |a vtls001076157 | ||
| 035 | |a SNK000018990 | ||
| 039 | 9 | |a 201604141704 |b VLOAD |c 201306061452 |d VLOAD |c 201305301652 |d VLOAD |c 200510281218 |d mschk03 |y 200412240421 |z VLOAD | |
| 040 | |a SNK |b slo |c SNK |d STUSCHK1 |e AACR2 | ||
| 041 | 0 | |a slo | |
| 044 | |a xo |c SK | ||
| 080 | |a 658.51:519.87(075.8) |2 1. stred. slo | ||
| 080 | |a 519.87 |2 1. stred. slo | ||
| 100 | 1 | |a Mikleš, Ján | |
| 245 | 0 | |a Riadenie technologických procesov |b Modelovanie procesov a základy riadenia |c Ján Mikleš, Peter Dostál, Alojz Mészáros | |
| 250 | |a 1. vyd. | ||
| 260 | |a Bratislava |b Slovenská technická univerzita |c 1994 |e Bratislava |f Vydavateľstvo STU | ||
| 300 | |a 194 s., 12,661 AH, 12,959 VH |b Grafy, tab., lit. 54 zázn. v angl., češ., nem. a slov. |c 25 cm | ||
| 500 | |a Schválilo vedenie CHTF STU v Bratislave | ||
| 655 | 7 | |a učebnice |2 SNK | |
| 700 | 1 | |a Dostál, Peter |4 aut | |
| 700 | 1 | |a Mészáros, Alojz, |d 1952- |4 aut |9 323 | |
| 910 | |a SCHK95 | ||
| 919 | |a 80-227-0688-4 | ||
| 954 | |a procesy technologické |a riadenie |a modelovanie matematické |x učebnice VŠ | ||
| 958 | |a TL | ||
| 958 | |a NB | ||
| 958 | |a UV | ||
| 999 | |c 9687 |d 9687 | ||